[Event "DEN-chT 1314 52nd"]
[Site "Denmark"]
[Date "2014.01.26"]
[Round "6.6"]
[White "Boe, Mads"]
[Black "Christiansen, Jens Jorgen"]
[Result "1/2-1/2"]
[WhiteElo "2361"]
[BlackElo "2129"]
[PlyCount "83"]
[EventDate "2013.11.02"]
[EventType "team-tourn"]
[EventRounds "9"]
[EventCountry "DEN"]
[SourceTitle "EXT 2015"]
[Source "ChessBase"]
[SourceDate "2014.11.20"]
[SourceVersion "1"]
[SourceVersionDate "2014.11.20"]
[SourceQuality "1"]
[WhiteTeam "Nordea"]
[BlackTeam "Norresundby"]
[WhiteTeamCountry "DEN"]
[BlackTeamCountry "DEN"]

1. d4 d5 2. Nf3 Nf6 3. Bg5 c6 4. e3 Bg4 5. Bd3 Nbd7 6. h3 Bh5 7. Bf4 e6 8. c4 Be7 9. Nc3 a6 10. 0-0 b5 11. b3 0-0 12. Qc2 Bg6 13. Bxg6 hxg6 14. Qd3 Rc8 15. c5 a5 16. g4 Re8 17. Kg2 Bxc5 18. dxc5 e5 19. Nxe5 Nxe5 20. Qd4 Qe7 21. Rac1 Qe6 22. f3 Rcd8 23. Rfe1 Nh7 24. Rcd1 g5 25. Bg3 Qf6 26. Rf1 Ng6 27. Qxf6 Nxf6 28. Kf2 Nf8 29. Ne2 Ne6 30. Rc1 d4 31. exd4 Nxd4 32. Nxd4 Rxd4 33. Rfd1 Rxd1 34. Rxd1 Nd5 35. Rd2 f6 36. Rd4 Kf7 37. Rd2 Ra8 38. a3 Rh8 39. Kg2 Re8 40. Kf2 Rh8 41. Kg2 Re8 42. Kf2 1/2-1/2

[Event "DEN-chT 1314 52nd"]
[Site "Denmark"]
[Date "2013.12.08"]
[Round "3.7"]
[White "Christensen, Bo Garner"]
[Black "Christiansen, Jens Jorgen"]
[Result "1-0"]
[WhiteElo "2219"]
[BlackElo "2129"]
[PlyCount "115"]
[EventDate "2013.11.02"]
[EventType "team-tourn"]
[EventRounds "9"]
[EventCountry "DEN"]
[SourceTitle "CBM 157 Extra"]
[Source "ChessBase"]
[SourceDate "2013.12.19"]
[SourceVersion "1"]
[SourceVersionDate "2013.12.19"]
[SourceQuality "1"]
[WhiteTeam "Valby K41"]
[BlackTeam "Norresundby"]
[WhiteTeamCountry "DEN"]
[BlackTeamCountry "DEN"]

1. e4 d5 2. exd5 Qxd5 3. Nc3 Qd6 4. Bc4 Nf6 5. h3 a6 6. Nf3 b5 7. Bb3 c5 8. d3 Bb7 9. 0-0 e6 10. Re1 Nc6 11. Be3 Na5 12. Ng5 Nxb3 13. axb3 Be7 14. Qd2 0-0 15. Bf4 Qc6 16. f3 Rad8 17. Kh1 Nd5 18. Bh2 h6 19. Nge4 Rfe8 20. Re2 f6 21. Rae1 Bf8 22. Ng3 e5 23. Nf5 Bc8 24. Nxd5 Bxf5 25. Ne3 Bg6 26. Qc3 Qd7 27. Qa5 Qc6 28. Bg1 Rd6 29. Nd1 Rde6 30. Nc3 Kh7 31. Ne4 c4 32. bxc4 bxc4 33. dxc4 Qxc4 34. c3 Rb8 35. Rd2 Bxe4 36. Rxe4 Qb5 37. Qa2 Rd6 38. Rb4 Qe8 39. Rxd6 Bxd6 40. Rxb8 Qxb8 41. Qxa6 Qxb2 42. Qd3+ Kh8 43. Qxd6 Qxc3 44. f4 e4 45. Kh2 Qc2 46. Be3 Kh7 47. f5 Qb1 48. Qg3 Qd3 49. h4 Kh8 50. Bf4 Qd5 51. Qg6 Qd3 52. Bxh6 gxh6 53. Qxh6+ Kg8 54. Qg6+ Kf8 55. Qxf6+ Kg8 56. Qe6+ Kh7 57. Qe7+ Kh6 58. f6 1-0

[Event "Politiken Cup 35th"]
[Site "Helsingor"]
[Date "2013.08.04"]
[Round "10"]
[White "Jensen, Ib Vagn Norgaard"]
[Black "Christiansen, Jens Jorgen"]
[Result "1/2-1/2"]
[WhiteElo "1977"]
[BlackElo "2121"]
[PlyCount "100"]
[EventDate "2013.07.27"]
[EventType "swiss"]
[EventRounds "10"]
[EventCountry "DEN"]
[SourceTitle "CBM 155 Extra"]
[Source "ChessBase"]
[SourceDate "2013.08.26"]
[SourceVersion "1"]
[SourceVersionDate "2013.08.26"]
[SourceQuality "1"]

1. d4 d5 2. Nf3 Nf6 3. Bf4 c5 4. e3 Qb6 5. Qc1 Nc6 6. c3 Bf5 7. Nbd2 e6 8. h3 Rc8 9. dxc5 Bxc5 10. Nb3 Be7 11. Nbd4 Bg6 12. Nxc6 bxc6 13. Be2 0-0 14. 0-0 a5 15. Rd1 a4 16. Nd4 Nd7 17. Nc2 e5 18. Bg3 f5 19. f4 Nc5 20. Bf3 e4 21. Be2 Ne6 22. Nd4 c5 23. Nxe6 Qxe6 24. Rd2 d4 25. exd4 cxd4 26. Rxd4 Bc5 27. Bf2 Bxd4 28. Bxd4 Rfd8 29. Qd1 Ra8 30. Qf1 Bf7 31. Qf2 Rab8 32. Qg3 Qg6 33. Qh4 Re8 34. c4 Rec8 35. Rc1 Qd6 36. Be5 Qc5+ 37. Kh2 Rb7 38. Qg3 Be6 39. Qc3 Rd7 40. b4 axb3 41. axb3 Qf2 42. Rc2 Rcd8 43. c5 e3 44. Bc4 Rd2 45. Bxe6+ Kf8 46. Bxg7+ Ke8 47. Bf7+ Kxf7 48. Qf6+ Kg8 49. Qe6+ Kxg7 50. Qe7+ Kg8 1/2-1/2